[Event "I Torneo Città di Biella"]
[Site "Biella ITA"]
[Date "2010.09.25"]
[Round "2.42"]
[White "Redamante, Marzio"]
[Black "Penna, Tommaso"]
[Result "0-1"]
[WhiteElo "1440"]
[BlackElo "1705"]
[PlyCount "76"]
[EventDate "2010.09.24"]

1. d4 Nf6 2. c4 e6 3. Bd2 c5 4. dxc5 Nc6 5. Nf3 Bxc5 6. e3 O-O 7. Be2 d5 8.
cxd5 exd5 9. O-O Re8 10. Nc3 Bg4 11. g3 Bh3 12. Re1 d4 13. exd4 Nxd4 14. Nxd4
Bxd4 15. Be3 Bxe3 16. Qxd8 Raxd8 17. fxe3 Rxe3 18. Rad1 Rde8 19. Rd2 Ne4 20.
Nxe4 R3xe4 21. Kf2 Bg4 22. b3 Rxe2+ 23. Rexe2 Rxe2+ 24. Rxe2 Bxe2 25. Kxe2 Kf8
26. Ke3 Ke7 27. Kd4 Kd6 28. a4 f5 29. h3 g5 30. b4 h5 31. a5 a6 32. Kc4 f4 33.
gxf4 gxf4 34. Kd4 Kc6 35. Ke4 Kb5 36. Kxf4 Kxb4 37. Kg5 Kxa5 38. Kxh5 b5 0-1